Echelle de villes : Paris-Dakar - Statistiques

Statistiques générales
  • Ce quiz a été pris 123 fois
  • Le résultat moyen est 8 sur 20
Statistiques - réponses
Indice Ville % Correct
A accueilli les Jeux Olympiques de 2024 Paris
99%
Capitale du Pérou Lima
81%
À l'extrême-Ouest africain (+1 lettre) Dakar
73%
Lugdunum pour les Romains Lyon
62%
Son football nordiste est « Sang et Or » Lens
56%
Capitale des Maldives Malé
49%
Vêtement indien et ville caspienne d'Iran (-1 lettre) Sari
48%
Préfecture du Tarn Albi
47%
Chef-lieu des Pouilles italiennes Bari
45%
Ville culturelle du Nord de la Suisse Bâle
43%
Préfecture de l'Aisne Laon
38%
S'y déroule La Peste d'Albert Camus Oran
31%
Connue pour son savon Alep
30%
Ville marocaine non poivrée Salé
25%
Grand lieu de sorcellerie (+1 lettre) Salem
25%
Capitale des Cévennes (-1 lettre) Alès
21%
2ème ville plus peuplée du Nigéria Kano
18%
Grande ville mexicaine et espagnole León
17%
Ville japonaise où les cerfs sont rois Nara
10%
3ème ville plus peuplée du Togo Kara
7%
Aucun quiz correspondant
Distribution des résultats
% des personnes avec chaque résultat
Percentile par nombre de réponses
Votre historique - résultats
Vous n’avez pas pris ce quiz